[Event "Guwahati op 3rd"]
[Site "Guwahati"]
[Date "2019.10.07"]
[Round "1"]
[White "Koustav, Chatterjee"]
[Black "Mukul, Borah"]
[Result "1-0"]
[WhiteElo "2442"]
[BlackElo "1237"]
[PlyCount "61"]
[EventDate "2019.10.07"]
[EventType "swiss"]
[EventRounds "10"]
[EventCountry "IND"]
[SourceTitle "CBM 192 Extra"]
[Source "Chessbase"]
[SourceDate "2019.11.06"]
[SourceVersion "1"]
[SourceVersionDate "2019.11.06"]
[SourceQuality "1"]

1. e4 e5 2. Nf3 Nc6 3. Bc4 Bc5 4. c3 Nf6 5. d4 exd4 6. e5 Ne4 7. Bd5 f5 8. cxd4 Bb4+ 9. Kf1 d6 10. Qa4 Rb8 11. a3 dxe5 12. Bxc6+ bxc6 13. axb4 exd4 14. Bf4 Qd5 15. Nbd2 0-0 16. Kg1 Bd7 17. Qa2 Rxb4 18. Qxd5+ cxd5 19. Rxa7 Rxb2 20. Rxc7 Bb5 21. h3 Ra8 22. Nxe4 fxe4 23. Nxd4 Ra1+ 24. Kh2 Rxh1+ 25. Kxh1 Rxf2 26. Be5 Bc4 27. Ne6 Rf1+ 28. Kh2 h6 29. Rxg7+ Kh8 30. Nf4 Rxf4 31. Re7+ 1-0